Statystyki dla Tablice rejestracyjne w Polsce według kodu

Kliknij tutaj aby rozwiązać quiz!

Ogólne statystyki

  • Ten quiz został rozwiązany 11 218 razy
    (11 213 od ostatniego zresetowania)
  • Średni wynik to 101 z 395

Statystyki odpowiedzi

Kod województwaKodMiasto/Powiat% Poprawnych
BBIBiałystok
64%
BBAUAugustów
62%
BBIABiałystok
58%
GGDGdańsk
54%
GGDAGdańsk
52%
KKRKraków
52%
CCTToruń
52%
EELŁódź
51%
BCBBydgoszcz
50%
KKRAKraków
50%
DDWWrocław
50%
CCBYBydgoszcz
49%
GGAGdynia
49%
OOPOpole
49%
CCTRToruń
48%
CCINInowrocław
45%
SSKKatowice
45%
LLULublin
45%
OOPOOpole
45%
PPOPoznań
45%
DDWRWrocław
45%
BBSSuwałki
44%
BBSUSuwałki
44%
LLUBLublin
43%
RRZERzeszów
42%
KKTTarnów
42%
FFGGorzów Wielkopolski
41%
BBHAHajnówka
41%
RRZRzeszów
41%
KKTATarnów
41%
FFZZielona Góra
41%
FFGWGorzów Wielkopolski
40%
BBLŁomża
40%
KKNSNowy Sącz
40%
KKNTNowy Targ
40%
NNOOlsztyn
40%
EEBEBełchatów
39%
CCGGrudziądz
39%
TTKKielce
39%
GGSPSopot
39%
SSGGliwice
38%
GGWEWejherowo
38%
CCWLWłocławek
38%
SSCCzęstochowa
37%
DDJJelenia Góra
37%
TTKIKielce
37%
CCWWłocławek
37%
FFZIZielona Góra
37%
SSCZCzęstochowa
36%
SSGLGliwice
36%
DDLLegnica
36%
BBLMŁomża
36%
NNOLOlsztyn
36%
GGPUPuck
36%
GGSSłupsk
36%
GGSLSłupsk
36%
ZZSSzczecin
36%
KKWAWadowice
36%
KKWIWieliczka
36%
KKTTZakopane
36%
LLZAZamość
36%
NNEElbląg
35%
DDJEJelenia Góra
35%
KKNNowy Sącz
35%
GGTCTczew
35%
LLZZamość
35%
SSBBielsko-Biała
34%
SSBIBielsko-Biała
34%
BBGRGrajewo
34%
GGLELębork
34%
DDLELegnica
34%
KKLILimanowa
34%
DDLULubin
34%
GGMBMalbork
34%
KKOSOświęcim
34%
EEZGZgierz
34%
BCALAleksandrów Kujawski
33%
BBBIBielsk Podlaski
33%
KKBCBochnia
33%
SSDDąbrowa Górnicza
33%
NNEBElbląg
33%
NNILIława
33%
OONYNysa
33%
EEPPiotrków Trybunalski
33%
SSOSosnowiec
33%
EETMTomaszów Mazowiecki
33%
BBZAZambrów
33%
GGBYBytów
32%
LLCHChełm
32%
LLCChełm
32%
GGCHChojnice
32%
PPGNGniezno
32%
PPKAKalisz
32%
PPKKalisz
32%
DDKLKłodzko
32%
EEKUKutno
32%
PPOZPoznań
32%
TTSASandomierz
32%
SSCICieszyn
31%
PPLLeszno
31%
EEPAPabianice
31%
WWRARadom
31%
SSTYTychy
31%
SSTTychy
31%
SSZZabrze
31%
SSHChorzów
30%
NNELEłk
30%
NNGIGiżycko
30%
PPLELeszno
30%
PPPPiła
30%
PPZPoznań
30%
WWPRPruszków
30%
RRPPrzemyśl
30%
WWRRadom
30%
SSRRybnik
30%
GGSTStarogard Gdański
30%
DDZGZgorzelec
30%
SSBEBędzin
29%
CCBRBrodnica
29%
DDGLGłogów
29%
LLHRHrubieszów
29%
KKMYMyślenice
29%
DDOLOleśnica
29%
KKOLOlkusz
29%
EEPIPiotrków Trybunalski
29%
RRPRPrzemyśl
29%
SSRBRybnik
29%
BBSESejny
29%
LLBIBiała Podlaska
28%
LLBBiała Podlaska
28%
WWGMGrodzisk Mazowiecki
28%
SSJJaworzno
28%
GGKAKartuzy
28%
OOKKędzierzyn — Koźle
28%
PPKNKonin
28%
RRKKrosno
28%
RRKRKrosno
28%
GGKWKwidzyn
28%
BBMNMońki
28%
NNMRMrągowo
28%
SSMMysłowice
28%
GGNDNowy Dwór Gdański
28%
EEOPOpoczno
28%
EESISieradz
28%
RRTATarnobrzeg
28%
DDBWałbrzych
28%
SSYBytom
27%
RRJSJasło
27%
SSJZJastrzębie Zdrój
27%
GGKSKościerzyna
27%
ZZKKoszalin
27%
WWOTOtwock
27%
EERARadomsko
27%
EESSkierniewice
27%
EESKSkierniewice
27%
RRTTarnobrzeg
27%
BBWMWysokie Mazowieckie
27%
EEZDZduńska Wola
27%
CCZNŻnin
27%
DDBLBolesławiec
26%
KKCHChrzanów
26%
RRDEDębica
26%
DDDZDzierżoniów
26%
ZZKOKoszalin
26%
CCNANakło nad Notecią
26%
TTOSOstrowiec Świętokrzyski
26%
WWPLPłock
26%
LLPUPuławy
26%
BBSISiemiatycze
26%
SSTATarnowskie Góry
26%
DDBAWałbrzych
26%
EEWIWieluń
26%
SSZOŻory
26%
OOBBrzeg
25%
RRJAJarosław
25%
TTJEJędrzejów
25%
BBKLKolno
25%
PPKOKonin
25%
RRMIMielec
25%
CCMGMogilno
25%
NNPIPisz
25%
WWPPłock
25%
CCRYRypin
25%
RRSASanok
25%
LLTMTomaszów Lubelski
25%
CCTUTuchola
25%
TTBUBusko Zdrój
24%
CCCHChełmno
24%
WWCICiechanów
24%
GGCZCzłuchów
24%
WWGRGrójec
24%
NNKEKętrzyn
24%
ZZKLKołobrzeg
24%
LLKRKraśnik
24%
EELWŁódź Wschód
24%
OONANamysłów
24%
PPOBOborniki
24%
DDOAOława
24%
NNOSOstróda
24%
PPOSOstrów Wielkopolski
24%
WWPIPiaseczno
24%
SSPSPszczyna
24%
TTSKSkarżysko-Kamienna
24%
BBSKSokółka
24%
PPTUTurek
24%
SSWDWodzisław Śląski
24%
SSZYŻywiec
24%
KKBRBrzesko
23%
PPJAJarocin
23%
DDJAJawor
23%
OOKLKluczbork
23%
CCLILipno
23%
KKMIMiechów
23%
NNNINidzica
23%
FFNWNowa Sól
23%
WWNDNowy Dwór Mazowiecki
23%
TTOPOpatów
23%
EEPJPajęczno
23%
SSRCRacibórz
23%
EERWRawa Mazowiecka
23%
DDSWŚwidnica
23%
CCSWŚwiecie
23%
NNBABartoszyce
22%
WWBBemowo
22%
PPNTNowy Tomyśl
22%
DDSRŚroda Śląska
22%
PPSRŚroda Wielkopolska
22%
TTSTStarachowice
22%
KKSUSucha Beskidzka
22%
FFSWŚwiebodzin
22%
ZZSWŚwinoujście
22%
DDTRTrzebnica
22%
SSZAZawiercie
22%
NNBRBraniewo
21%
NNDZDziałdowo
21%
KKGRGorlice
21%
PPGSGostyń
21%
PPKEKępno
21%
EELAŁask
21%
EELCŁowicz
21%
DDLWLwówek Śląski
21%
SSMIMikołów
21%
SSMYMyszków
21%
WWOSOstrołęka
21%
OOPRPrudnik
21%
PPRARawicz
21%
LLRYRyki
21%
CCSESępólno Krajeńskie
21%
SSISiemianowice Śląskie
21%
FFSLSłubice
21%
ZZSTStargard
21%
OOSTStrzelce Opolskie
21%
FFZAŻary
21%
DDZLZłotoryja
21%
NNGOGołdap
20%
CCGDGolub Dobrzyń
20%
LLJAJanów Lubelski
20%
PPKLKoło
20%
TTKNKońskie
20%
FFMIMiędzyrzecz
20%
DDMIMilicz
20%
LLOPOpole Lubelskie
20%
SSPIPiekary Śląskie
20%
DDPLPolkowice
20%
WWSISiedlce
20%
WWSSiedlce
20%
RRSTStalowa Wola
20%
NNSZSzczytno
20%
GGSZSztum
20%
NNWEWęgorzewo
20%
FFZGŻagań
20%
PPZLZłotów
20%
LLBLBiłgoraj
19%
OOGLGłubczyce
19%
DDKAKamienna Góra
19%
OOKRKrapkowice
19%
LLKSKrasnystaw
19%
FFKRKrosno Odrzańskie
19%
EELEŁęczyca
19%
NNLILidzbark Warmiński
19%
DDLBLubań
19%
LLLBLubartów
19%
SSLULubliniec
19%
WWMLMława
19%
RRNINisko
19%
OOOLOlesno
19%
PPPLPleszew
19%
ZZPLPolice
19%
KKPRProszowice
19%
SSRSRuda Śląska
19%
LLSWŚwidnik
19%
ZZSZSzczecinek
19%
CCWAWąbrzeźno
19%
LLWLWłodawa
19%
WWWLWołomin
19%
PPWRWrześnia
19%
FFWSWschowa
19%
WWZYŻyrardów
19%
EEBRBrzeziny
18%
KKDADąbrowa Tarnowska
18%
DDGRGóra
18%
ZZGYGryfice
18%
ZZGRGryfino
18%
RRLAŁańcut
18%
RRLSLesko
18%
LLLUŁuków
18%
NNOEOlecko
18%
WWOOstrołęka
18%
TTPIPińczów
18%
CCRARadziejów
18%
LLRARadzyń Podlaski
18%
WWSCSochaczew
18%
PPSZSzamotuły
18%
RRBIUstrzyki Dolne
18%
PPCHChodzież
17%
SSKLKłobuck
17%
PPNKonin
17%
PPKSKościan
17%
PPKRKrotoszyn
17%
LLLEŁęczna
17%
WWLLegionowo
17%
RRLELeżajsk
17%
WWEMokotów
17%
NNNMNowe Miasto Lubawskie
17%
EEPDPoddębice
17%
WWFPraga-Południe
17%
FFSUSulęcin
17%
ZZWAWałcz
17%
EEWEWieruszów
17%
WWWYWyszków
17%
DDZAZąbkowice Ślaskie
17%
ZZBIBiałogard
16%
WWABiałołęka
16%
PPCTCzarnków
16%
ZZDRDrawsko Pomorskie
16%
WWGSGostynin
16%
PPMIMiędzychód
16%
WWMMińsk Mazowiecki
16%
LLPAParczew
16%
WWPNPłońsk
16%
WWPUPułtusk
16%
TTSZStaszów
16%
DDSTStrzelin
16%
TTLWWłoszczowa
16%
RRBRBrzozów
15%
WWGGarwolin
15%
ZZGLGoleniów
15%
ZZKAKamień Pomorski
15%
RRKLKolbuszowa
15%
WWKZKozienice
15%
PPOTOstrzeszów
15%
WWHPraga-Północ
15%
RRPZPrzeworsk
15%
WWIŚródmieście
15%
SSWŚwiętochłowice
15%
DDWLWołów
15%
RRLULubaczów
14%
WWMAMaków Mazowiecki
14%
ZZMYMyślibórz
14%
RRRSRopczyce
14%
SSLRuda Śląska
14%
PPSLSłupca
14%
PPSEŚrem
14%
PPWAWągrowiec
14%
PPWLWolsztyn
14%
WWZWZwoleń
14%
WWDBielany
13%
SSBLBieruńsko-Lędziński
13%
PPGOGrodzisk Wielkopolski
13%
TTKAKazimierza Wielka
13%
ZZLOŁobez
13%
ZZPYPyrzyce
13%
ZZSLSławno
13%
FFSDStrzelce Krajeńskie
13%
WWZUŻuromin
13%
ZZCHChoszczno
12%
WWOROstrów Mazowiecka
12%
WWPZPrzasnysz
12%
WWWEWęgrów
12%
WWBRBiałobrzegi
11%
WWLILipsko
11%
WWUOchota
11%
WWSKSokołów Podlaski
11%
RRSRStrzyżów
11%
WWJTargówek
11%
WWKUrsus
11%
WWNUrsynów
11%
WWLSŁosice
10%
WWPYPrzysucha
10%
WWSESierpc
10%
ZZSDŚwidwin
10%
WWSZSzydłowiec
10%
WWTWawer
10%
NNOGOlecko
9%
WWVWołomin
9%

Rozkład punktacji

Percentyl według liczby udzielonych odpowiedzi

Procent ludzi z każdym wynikiem

Twoja historia wyników

Nie rozwiązałeś tego quizu od ostatniego zresetowania